Operaciones en el mercado financiero chileno: teoría y práctica

Salvato in:
Dettagli Bibliografici
Autore principale: San Martín Inzunza, Héctor
Natura: Libro
Lingua:spagnolo
Pubblicazione: Concepción Universidad del Bío-Bío 2003
Serie:Publicación Docente. 1
Soggetti:
Tags: Aggiungi Tag
Nessun Tag, puoi essere il primo ad aggiungerne!!

MARC

LEADER 00000nam a2200000 a 4500
001 UCK2307
003 CL-VaPUC
005 20240617123935.0
008 041229e20030000CL |||||||||||||||||spa|d
999 |c 311889  |d 311887 
040 |c Pontificia Universidad Católica de Valparaíso 
082 0 4 |a 332.041 SAN 2003  |2 21 
100 0 |a San Martín Inzunza, Héctor  |9 490141 
245 1 0 |a Operaciones en el mercado financiero chileno: teoría y práctica 
260 |a Concepción  |b Universidad del Bío-Bío  |c 2003 
300 |a 71 hojas 
490 0 |a Publicación Docente.  |v 1 
583 |a last modification  |c 20041229 00:00:00  |k Rodrigo Vera 
650 0 |a Mercado de capitales  |9 330596 
650 0 |a Inversiones  |9 345867 
650 0 |a Proyectos de inversión   |9 261065 
650 0 |a Planificación estratégica   |9 259735 
651 7 |a CHILE  |2 CL-VaPUC  |9 490142 
942 |c BK  |2 ddc 
945 |d 20041229 00:00:00  |a cmena 
952 |0 0  |1 0  |2 ddc  |4 0  |6 332_041000000000000_SAN_2003  |7 0  |8 A  |9 381587  |a BIBGIM  |b BIBGIM  |d 2019-11-21  |i 408652K  |l 2  |o 332.041 SAN 2003  |p 408652K  |r 2025-01-15  |s 2024-06-11  |t 1  |w 2019-11-21  |y BK  |k GIM